000 00468cam a2200181ua 4500
001 6107
008 131119n ii |||gr||||Z||||||eng
040 _cMAIN
082 _a657.42
245 _aCost Accounting :
_bTheory & Practice /
_cBy M.M. Varma .
260 _aDelhi:
_bForward Book Depot,
_c1987.
300 _ax,312p.
653 _aCommerce
653 _aCost Accounting
700 _aVarma,M.M.,
_eAuthor.,
700 _aAgarwal,R.K.,
_eAuthor.
942 _cBK
999 _c5259
_d5259